Подробности
| 000 -МАРКЕР |
| контрольное поле |
01436nam0a2200361 4500 |
| 001 - ИДЕНТИФИКАТОР ЗАПИСИ |
| контрольное поле |
RU\NLR\BIBL_A\010866433 |
| 005 - ИДЕНТИФИКАТОР ВЕРСИИ |
| контрольное поле |
20260408153203.0 |
| 010 ## - МЕЖДУНАРОДНЫЙ СТАНДАРТНЫЙ НОМЕР КНИГИ (ISBN) |
| Номер (ISBN) |
978-5-9270-0298-6 |
| Тираж |
400 |
| 021 ## - НОМЕР ГОСУДАРСТВЕННОЙ РЕГИСТРАЦИИ |
| Код страны |
Российская Федерация |
| Номер |
2015-73009 |
| Номер Листа государственной регистраци |
4388 |
| 035 ## - ДРУГИЕ СИСТЕМНЫЕ НОМЕРА |
| Идентификатор записи |
(NLR Aleph) 010866433 |
| 035 ## - ДРУГИЕ СИСТЕМНЫЕ НОМЕРА |
| Идентификатор записи |
(NILC)RuMoRGB-008024740 |
| 100 ## - ДАННЫЕ ОБЩЕЙ ОБРАБОТКИ |
| Данные общей обработки |
20151022d2015 u y0rusy50 ca |
| 101 0# - ЯЗЫК РЕСУРСА |
| Язык текста, звукозаписи и т.д. |
русский |
| 102 ## - СТРАНА ПУБЛИКАЦИИ ИЛИ ПРОИЗВОДСТВА |
| Страна публикации |
Российская Федерация |
| 105 ## - ПОЛЕ КОДИРОВАННЫХ ДАННЫХ: ТЕКСТОВЫЕ МАТЕРИАЛЫ, МОНОГРАФИЧЕСКИЕ |
| Кодированные данные о монографическом текстовом документе |
y|||z|||000 |
| 200 1# - ЗАГЛАВИЕ И СВЕДЕНИЯ ОБ ОТВЕТСТВЕННОСТИ |
| Основное заглавие |
Психологическая сепарация |
| Сведения, относящиеся к заглавию |
подходы, проблемы, механизмы |
| Первые сведения об ответственности |
Н. Е. Харламенкова, Е. В. Кумыкова, А. К. Рубченко |
| Последующие сведения об ответственности |
Российская акад. наук, Ин-т психологии |
| 210 ## - ПУБЛИКАЦИЯ, РАСПРОСТРАНЕНИЕ И ДР. |
| Место издания, распространения и т.д. |
Москва |
| Имя издателя, распространителя и т. д. |
Ин-т психологии РАН |
| Дата издания, распространения и т.д. |
2015 |
| 215 ## - ФИЗИЧЕСКАЯ ХАРАКТЕРИСТИКА |
| Специфическое обозначение материала и объем |
366 с. |
| Другие сведения о физической характеристике |
ил. |
| Размеры |
23 |
| 320 ## - ПРИМЕЧАНИЯ О НАЛИЧИИ В ДОКУМЕНТЕ БИБЛИОГРАФИИ / УКАЗАТЕЛЯ |
| Текст примечания |
Библиогр.: с. 319-366 |
| 606 ## - НАИМЕНОВАНИЕ ТЕМЫ КАК ПРЕДМЕТ |
| Наименование темы |
Отчуждение (социол.) |
| Идентификатор авторитетной/нормативной записи |
RU\NLR\AUTH\6635883 |
| Системный номер авторитетной/нормативной записи |
953217 |
| 675 ## - УНИВЕРСАЛЬНАЯ ДЕСЯТИЧНАЯ КЛАССИФИКАЦИЯ (UDC/УДК) |
| Индекс |
159.9 |
| 686 1# - ИНДЕКСЫ ДРУГИХ КЛАССИФИКАЦИЙ |
| Индекс |
С550.354 |
| 700 #1 - ИМЯ ЛИЦА - ПЕРВИЧНАЯ ОТВЕТСТВЕННОСТЬ |
| Начальный элемент ввода |
Харламенкова |
| Часть имени, кроме начального элемента ввода |
Н. Е. |
| Даты |
1957- |
| Расширение инициалов личного имени |
Наталья Евгеньевна |
| Системный номер авторитетной/нормативной записи |
139053 |
| Идентификатор авторитетной/нормативной записи |
RU\NLR\AUTH\770139088 |
| 701 #1 - ИМЯ ЛИЦА - АЛЬТЕРНАТИВНАЯ ОТВЕТСТВЕННОСТЬ |
| Начальный элемент ввода |
Кумыкова |
| Часть имени, кроме начального элемента ввода |
Е. В. |
| Расширение инициалов личного имени |
Елена Валентиновна |
| 701 #1 - ИМЯ ЛИЦА - АЛЬТЕРНАТИВНАЯ ОТВЕТСТВЕННОСТЬ |
| Начальный элемент ввода |
Рубченко |
| Часть имени, кроме начального элемента ввода |
А. К. |
| Расширение инициалов личного имени |
Алла Казимировна |
| 801 #0 - ИСТОЧНИК ЗАПИСИ |
| Страна |
Российская Федерация |
| Организация |
РГБ |
| Дата составления |
20150921 |
| Правила каталогизации |
RCR |
| 942 ## - ДОПОЛНИТЕЛЬНЫЕ ЭЛЕМЕНТЫ ЗАПИСИ (АБИС) |
| Тип экземпляра АБИС |
Книга |
| 980 ## - КОЛЛЕКЦИЯ |
| Название коллекции |
Национальная библиография |
| 980 ## - КОЛЛЕКЦИЯ |
| Название коллекции |
Национальная библиография |
| 980 ## - КОЛЛЕКЦИЯ |
| Название коллекции |
НБР |